header

Recoveries and reclamations (Record no. 10668)

MARC details
000 -LEADER
fixed length control field 01250nam a2200337 a 4500
245 00 - TITLE STATEMENT
Title Recoveries and reclamations
260 ## - PUBLICATION, DISTRIBUTION, ETC. (IMPRINT)
Place of publication Bristol :
Name of publisher Intellect,
Year of publication 2002.
300 ## - PHYSICAL DESCRIPTION
Number of Pages 155 p. :
Other physical details ill.
490 1# - SERIES STATEMENT
Series statement Advances in art & urban futures ;
650 #0 - SUBJECT ADDED ENTRY--TOPICAL TERM
Topical Term Art and society.
Topical Term Urban renewal.
Topical Term Public art.
700 1# - ADDED ENTRY--PERSONAL NAME
Personal name Rugg, Judith.
Personal name Hinchcliffe, Daniel.
856 40 - ELECTRONIC LOCATION AND ACCESS
Uniform Resource Identifier http://site.ebrary.com/lib/rucke/Doc?id=10015827

No items available.

© 2026 Rongo University
Contact us: librarian | system librarian | Rongo university